| 000 | 00379nam a22001337a 4500 | ||
|---|---|---|---|
| 020 | _a0-8273-2475-8 | ||
| 082 | _a621.3815 HIL | ||
| 100 |
_aHILSENRATH, FRED , PIERCE, BILL _965468 |
||
| 245 | _aDIGITAL LOGIC , CIRCUITS AND SYSTEMS | ||
| 260 |
_aLONDON _bDELMARE _c1988 |
||
| 300 | _a496P | ||
| 650 |
_aLOGIC CIRCUITS SWITCHING CIRCUITS DIGITAL ELECTRONICS _965469 |
||
| 942 | _cBK | ||
| 999 |
_c573665 _d573665 |
||